00590 2200241 4500001002100000008004100021035002000062245003800082100001800120250000600138260003000144300002600174020002200200084001700222082001100239650000800250990001500258990001500273990001500288990001500303990001500318990001500333INLIS000000000003449 ind  a0010-0526000072 aX-Press TKA EkonomicErni Lestari aLestari, Erni a1 aJakarta :bErlanggac2025 a179 hlmc21 x 25.5 cm a978-623-522-802-0 a330.01 ERN x a330.01 aTKA a20183/B/26 a20184/B/26 a20185/B/26 a20186/B/26 a20187/B/26 a20188/B/26